01621naa a22003257a 4500001001000000003000900010005001700019007000300036008003400039040005400073041000900127072001300136090001800149100002400167100002300191100001700214100001800231100001700249111016400266245011300430500021700543773021600760650002400976650002601000490007501026942001501101909004001116999001901156952012001175BR9405987BR-BrBNA20250721155523.0ta250630b bl.|||m| |||| 00| 0 por d aBR-BrBNAbporcBiblioteca Nacional de Agricultura a(Pt) aE14; F08 aE14 BR94059871 aBarbosa, F.R. de A.1 aMacedo, M. de N.C.1 aCabral, W.G.1 aNobre, F.R.C.1 aMota, N.L.C.1 a1. Congresso Brasileiro sobre Sistemas Agroflorestais; 1. Encontro sobre Sistemas Agroflorestais nos Paises do MERCOSULcPorto Velho, RO (Brazil)d3-7 Jul 19941 aMetodologia de pesquisa e extensao em sistemas agroflorestais para comunidades de pequenos produtores rurais a1. Congresso Brasileiro sobre Sistemas Agroflorestais e 1. Encontro sobre Sistemas Agroflorestais nos Paises do MERCOSUL. Anais. V. 2: trabalhos voluntarios Colombo, PR (Brasil): 1994. p. 303-308 (BR9405987-AMS) 0 t1. Congresso Brasileiro sobre Sistemas Agroflorestais e 1. Encontro sobre Sistemas Agroflorestais nos Paises do MERCOSUL. Anais. V. 2: trabalhos voluntarioswE14 BR9405987gColombo, PR (Brasil), 1994. p. 303-308 aTecnologia Agricola aSistema Agroflorestal aDocumentos - Centro Nacional de Pesquisa de Florestas (Brazil)vno. 27 cAMS2AGRIS a202506bLúciac55dLúcia Elande c336973d336973 002AGRIS40708AGROBASEa41918b41918l0r2025-06-30t01yAMS10d2025-06-30ePortaria Interministerial nº 164/94